[Event "PanAm-ch intercoll."]
[Site "South Padre Island USA"]
[Date "2014.12.29"]
[Round "4"]
[White "Manber, Devion"]
[Black "Ivanov, Mike"]
[Result "0-1"]
[WhiteElo "1930"]
[BlackElo "2173"]
[WhiteFideId "-1"]
[WhiteFideId "-1"]
[PlyCount "94"]
[GameId "2130307662949261"]
[EventDate "2014.12.27"]
[EventType "team"]
[EventRounds "6"]
[EventCountry "USA"]

1. e4 d5 2. exd5 Nf6 3. d4 Bg4 4. Nf3 Qxd5 5. Be2 Nc6 6. Nc3 Qh5 7. O-O O-O-O 8. h3 Nxd4 9. Nxd4 Bxe2 10. Ncxe2 e5 11. c3 exd4 12. cxd4 Bd6 13. f3 Rhe8 14. Bd2 c5 15. Bc3 Nd5 16. Rf2 Qg5 17. Qc1 Qh4 18. Be1 Ne3 19. dxc5 Bc7 20. Bd2 Bh2+ 21. Kxh2 Qxf2 22. Bxe3 Qxe3 23. Ng3 Qxc1 24. Rxc1 Rd2 25. Ne4 Rxe4 26. fxe4 Rxb2 27. Rf1 f6 28. e5 fxe5 29. c6 bxc6 30. Rf8+ Kc7 31. Rf7+ Kb6 32. Rxg7 Rxa2 33. Rxh7 a5 34. Re7 Re2 35. Kg3 a4 36. Re8 Kb7 37. Re7+ Kb6 38. Re8 Kb5 39. Kf3 Re1 40. Kf2 Re4 41. Kf3 Rb4 42. Rxe5+ c5 43. Re8 a3 44. Re1 Ka4 45. g4 Kb3 46. g5 a2 47. g6 Kb2 0-1

[Event "Hart House Holidays op"]
[Site "Toronto CAN"]
[Date "2014.12.19"]
[Round "1"]
[White "Ivanov, Mike"]
[Black "Lin, Tony (Juntao)"]
[Result "0-1"]
[WhiteElo "2394"]
[BlackElo "2219"]
[WhiteFideId "-1"]
[WhiteFideId "-1"]
[PlyCount "128"]
[GameId "2160767908993482"]
[EventDate "2014.12.19"]
[EventType "swiss"]
[EventRounds "5"]
[EventCountry "CAN"]

1. e4 e6 2. d4 d5 3. e5 c5 4. c3 Nc6 5. Nf3 Bd7 6. Bd3 Rc8 7. a3 cxd4 8. cxd4 Qb6 9. Bc2 g5 10. h3 Nxd4 11. Nxd4 Bc5 12. O-O Bxd4 13. Nc3 h6 14. Na4 Bxa4 15. Bxa4+ Kf8 16. Be3 Bxe3 17. fxe3 Qxe3+ 18. Kh1 Qxe5 19. Qf3 f5 20. Rae1 Qd6 21. Qe3 Nf6 22. Qxa7 Ne4 23. Rf3 Rh7 24. Qe3 Kg8 25. g4 f4 26. Qd3 Qc5 27. Rxe4 dxe4 28. Qxe4 Qd5 29. Qxd5 exd5 30. Rd3 Rd8 31. Bb3 Rhd7 32. Kg2 Kg7 33. Rd4 Kf6 34. Kf2 Rd6 35. Rb4 b6 36. Rd4 Ke5 37. Rb4 Rc8 38. Ra4 Rc1 39. Rb4 Rh1 40. Kg2 Rc1 41. Ba2 Rc2+ 42. Kf3 Rh2 43. a4 Rxh3+ 44. Kf2 Rg3 45. Rb5 Rxg4 46. b4 Rh4 47. Kg2 g4 48. a5 bxa5 49. bxa5 g3 50. Bc4 Rh2+ 51. Kg1 f3 52. a6 f2+ 53. Kf1 Rh1+ 54. Kg2 Rg1+ 55. Kh3 f1=Q+ 56. Bxf1 Rxf1 57. Ra5 Rd8 58. a7 Ra8 59. Ra6 d4 60. Ra5+ Ke4 61. Ra6 d3 62. Re6+ Kf5 63. Re7 Kf6 64. Rb7 d2 0-1

[Event "Hart House Holidays op"]
[Site "Toronto CAN"]
[Date "2014.12.20"]
[Round "3"]
[White "Ivanov, Mike"]
[Black "Chen, Richard"]
[Result "1-0"]
[WhiteElo "2394"]
[BlackElo "2206"]
[WhiteFideId "-1"]
[WhiteFideId "-1"]
[PlyCount "77"]
[GameId "2160767908993497"]
[EventDate "2014.12.19"]
[EventType "swiss"]
[EventRounds "5"]
[EventCountry "CAN"]
[SourceTitle "EXT 2022"]
[Source "ChessBase"]
[SourceDate "2021.10.06"]
[SourceVersion "1"]
[SourceVersionDate "2021.10.06"]
[SourceQuality "1"]

1. e4 e6 2. d4 d5 3. Nc3 Bb4 4. Nge2 dxe4 5. a3 Be7 6. g4 e5 7. h3 f5 8. gxf5 Bxf5 9. Be3 Bg6 10. Qd2 c5 11. dxe5 Qxd2+ 12. Bxd2 Nc6 13. Nf4 Nxe5 14. Bb5+ Kf7 15. O-O-O Bf5 16. Ncd5 Bg5 17. Ne3 Be6 18. Nxe6 Kxe6 19. Nd5 Bxd2+ 20. Rxd2 Rc8 21. Re1 Nf6 22. Nxf6 gxf6 23. Rxe4 Kf5 24. Ra4 a6 25. Bd7+ Nxd7 26. Rxd7 Rhe8 27. b3 Re1+ 28. Kb2 b5 29. Rxa6 c4 30. bxc4 bxc4 31. Kc3 Rh1 32. Rxh7 Kg6 33. Raa7 Rf1 34. Rhg7+ Kf5 35. Ra5+ Ke6 36. Ra6+ Ke5 37. Re7+ Kd5 38. Rxf6 Ra8 39. Rf5+ 1-0

[Event "Hart House Holidays op"]
[Site "Toronto CAN"]
[Date "2014.12.21"]
[Round "4"]
[White "Knox, Christopher"]
[Black "Ivanov, Mike"]
[Result "1/2-1/2"]
[WhiteElo "2306"]
[BlackElo "2394"]
[WhiteFideId "-1"]
[WhiteFideId "-1"]
[PlyCount "86"]
[GameId "2160767909001694"]
[EventDate "2014.12.19"]
[EventType "swiss"]
[EventRounds "5"]
[EventCountry "CAN"]
[SourceTitle "EXT 2022"]
[Source "ChessBase"]
[SourceDate "2021.10.06"]
[SourceVersion "1"]
[SourceVersionDate "2021.10.06"]
[SourceQuality "1"]

1. d4 d5 2. Nf3 Nf6 3. e3 g6 4. c4 c6 5. Nc3 a6 6. Ne5 Bg7 7. f4 O-O 8. Qb3 Nbd7 9. Nxd7 Qxd7 10. cxd5 cxd5 11. Be2 Qd6 12. Bf3 Rd8 13. Na4 e6 14. Nb6 Rb8 15. Bd2 Bd7 16. a4 Re8 17. O-O Bc6 18. Bb4 Qd8 19. Bc5 Nd7 20. Nxd7 Qxd7 21. a5 Bb5 22. Rf2 Bf8 23. Qc3 Rbc8 24. b4 Bc4 25. Be2 Bxe2 26. Rxe2 Qb5 27. Rf2 h5 28. h3 h4 29. Rf3 Be7 30. Qe1 Bf6 31. Qf1 Rc6 32. Rf2 Kg7 33. Qd1 Rh8 34. Qc2 Rcc8 35. Raf1 Rc6 36. Kh1 Rh5 37. Qe2 Bd8 38. Qxb5 axb5 39. Ra2 Ra6 40. Rc2 Rh8 41. Re1 Rc6 42. Rec1 Rh6 43. Re1 Rh5 1/2-1/2

[Event "Hart House Holidays op"]
[Site "Toronto CAN"]
[Date "2014.12.21"]
[Round "5"]
[White "Ivanov, Mike"]
[Black "Aronov, Yuri"]
[Result "1-0"]
[WhiteElo "2394"]
[BlackElo "2297"]
[WhiteFideId "-1"]
[WhiteFideId "-1"]
[PlyCount "81"]
[GameId "2160767909001701"]
[EventDate "2014.12.19"]
[EventType "swiss"]
[EventRounds "5"]
[EventCountry "CAN"]
[SourceTitle "EXT 2022"]
[Source "ChessBase"]
[SourceDate "2021.10.06"]
[SourceVersion "1"]
[SourceVersionDate "2021.10.06"]
[SourceQuality "1"]

1. e4 c5 2. Nf3 e6 3. c3 Nf6 4. Bd3 Nc6 5. O-O d5 6. e5 Nd7 7. Qe2 Qc7 8. Re1 g5 9. h3 Bg7 10. Bb5 a6 11. Bxc6 bxc6 12. d4 h6 13. Nbd2 a5 14. Nf1 Ba6 15. Qe3 cxd4 16. cxd4 c5 17. Ng3 cxd4 18. Qxd4 Qc4 19. Nh5 O-O 20. Qd2 Qd3 21. Qxa5 Nxe5 22. Nxe5 Bxe5 23. Rxe5 Qd1+ 24. Qe1 Qxh5 25. Be3 Bc8 26. Bc5 Rd8 27. f4 f6 28. Bd4 Qf7 29. fxg5 hxg5 30. Rxg5+ Kf8 31. Qb4+ Ke8 32. Rf1 fxg5 33. Rxf7 Kxf7 34. Qd2 Kg6 35. Qf2 e5 36. Bxe5 Ra6 37. Qc2+ Bf5 38. Qc7 Rd7 39. Qc8 Rxa2 40. Qg8+ Kh6 41. Bf6 1-0

[Event "North American-ch U20"]
[Site "Kitchener CAN"]
[Date "2014.07.31"]
[Round "1.13"]
[White "Ivanov, Mike"]
[Black "Giblon, Rebecca"]
[Result "1-0"]
[WhiteElo "2137"]
[BlackElo "1740"]
[WhiteFideId "-1"]
[WhiteFideId "-1"]
[PlyCount "95"]
[GameId "2160767909052838"]
[EventDate "2014.07.31"]
[EventType "swiss"]
[EventRounds "9"]
[EventCountry "CAN"]
[SourceTitle "EXT 2022"]
[Source "ChessBase"]
[SourceDate "2021.10.06"]
[SourceVersion "1"]
[SourceVersionDate "2021.10.06"]
[SourceQuality "1"]

1. e4 e5 2. Nf3 Nc6 3. Nc3 Nf6 4. g3 d5 5. exd5 Nxd5 6. Bg2 Be6 7. O-O f6 8. d4 Nxc3 9. bxc3 e4 10. Nd2 f5 11. f3 e3 12. Qe2 f4 13. gxf4 Qf6 14. Qxe3 O-O-O 15. Ne4 Qg6 16. Qf2 Bc4 17. Re1 Ne7 18. Kh1 Kb8 19. Bf1 Bxf1 20. Rxf1 Qc6 21. Rb1 Nf5 22. Qe2 Re8 23. Qb5 Qxb5 24. Rxb5 Nd6 25. Re5 Be7 26. Nxd6 Bxd6 27. Re4 h6 28. c4 b6 29. Kg2 Ref8 30. h3 Kb7 31. Kf2 Rf7 32. Rg1 Rhf8 33. Rg6 Bxf4 34. Bxf4 Rxf4 35. Rxf4 Rxf4 36. Ke3 Rh4 37. Rxg7 Rxh3 38. d5 Kb8 39. Rh7 Rh4 40. f4 Rh2 41. f5 Rxc2 42. f6 Rc3+ 43. Ke4 Rxc4+ 44. Ke5 Rc2 45. f7 Re2+ 46. Kd4 Rf2 47. Rh8+ Kb7 48. f8=Q 1-0

[Event "North American-ch U20"]
[Site "Kitchener CAN"]
[Date "2014.07.31"]
[Round "2.10"]
[White "Song, Terry"]
[Black "Ivanov, Mike"]
[Result "0-1"]
[WhiteElo "1931"]
[BlackElo "2137"]
[WhiteFideId "-1"]
[WhiteFideId "-1"]
[PlyCount "86"]
[GameId "2160767909061052"]
[EventDate "2014.07.31"]
[EventType "swiss"]
[EventRounds "9"]
[EventCountry "CAN"]
[SourceTitle "EXT 2022"]
[Source "ChessBase"]
[SourceDate "2021.10.06"]
[SourceVersion "1"]
[SourceVersionDate "2021.10.06"]
[SourceQuality "1"]

1. e4 e6 2. d4 d5 3. Nc3 Bb4 4. exd5 exd5 5. Bd3 Nc6 6. a3 Be7 7. Nge2 Bf6 8. Be3 Nge7 9. Nb1 Nf5 10. c3 Nxe3 11. fxe3 Qe7 12. O-O Qxe3+ 13. Kh1 Bg4 14. h3 Bh5 15. Qc2 Bg5 16. Rf5 O-O-O 17. h4 h6 18. Rf1 Rde8 19. Ng1 Bxh4 20. Nd2 Re7 21. Ndf3 Bg3 22. Ne2 Bd6 23. Rae1 Bxf3 24. Rxf3 Qg5 25. Ref1 Rhe8 26. Ng1 Re1 27. Bf5+ Kd8 28. Bh3 Rxf1 29. Rxf1 Qg3 30. Nf3 g6 31. Qb3 Re3 32. Kg1 f5 33. Qxd5 Kc8 34. Qg8+ Nd8 35. Ne5 Bxe5 36. dxe5 Qg5 37. Qd5 Rxh3 38. e6 Qe3+ 39. Rf2 Qe1+ 40. Rf1 Rh1+ 41. Kxh1 Qxf1+ 42. Kh2 Qf4+ 43. Kh3 Qe3+ 0-1

[Event "North American-ch U20"]
[Site "Kitchener CAN"]
[Date "2014.08.01"]
[Round "4.2"]
[White "Sapozhnikov, Roman"]
[Black "Ivanov, Mike"]
[Result "1-0"]
[WhiteElo "2299"]
[BlackElo "2137"]
[WhiteFideId "-1"]
[WhiteFideId "-1"]
[PlyCount "123"]
[GameId "2160767909061094"]
[EventDate "2014.07.31"]
[EventType "swiss"]
[EventRounds "9"]
[EventCountry "CAN"]
[SourceTitle "EXT 2022"]
[Source "ChessBase"]
[SourceDate "2021.10.06"]
[SourceVersion "1"]
[SourceVersionDate "2021.10.06"]
[SourceQuality "1"]

1. e4 g6 2. d4 Bg7 3. Nf3 d6 4. Bc4 c6 5. Qe2 b5 6. Bb3 a5 7. a4 b4 8. Bc4 Nf6 9. e5 dxe5 10. dxe5 Nd5 11. h3 Nb6 12. Bd3 O-O 13. h4 h5 14. e6 f5 15. O-O Qd5 16. Ng5 c5 17. Rd1 Qe5 18. Qxe5 Bxe5 19. Bb5 Bb7 20. Nd2 Nc6 21. Nb3 Nd4 22. Nxc5 Nxc2 23. Rb1 Rad8 24. Be2 Nd4 25. Rxd4 Bxd4 26. Nxb7 Ra8 27. Nf3 Bf6 28. Nc5 Rfc8 29. Nd7 Nxa4 30. Bb5 Rxc1+ 31. Rxc1 Bxb2 32. Rc2 Nc3 33. Rxb2 Nxb5 34. Nb6 Ra6 35. Nc4 Kg7 36. Nfd2 Nc3 37. Kf1 Kf6 38. Nb3 a4 39. Nc5 Rc6 40. Nd7+ Kxe6 41. Rxb4 a3 42. Nf8+ Kd5 43. Nxa3 Ne4 44. Ke2 Rc3 45. Ra4 Rb3 46. Ra5+ Kd4 47. Ra4+ Kd5 48. Ra5+ Kd4 49. Nc2+ Kc3 50. Ra2 g5 51. hxg5 Nxg5 52. Ne3 f4 53. Nd5+ Kd4 54. Nxf4 h4 55. Ra4+ Ke5 56. N8g6+ Kf6 57. Nxh4 e5 58. Ra6+ Kf7 59. Nd3 Rb5 60. Nf3 e4 61. Nxg5+ Rxg5 62. Nf4 1-0

[Event "North American-ch U20"]
[Site "Kitchener CAN"]
[Date "2014.08.02"]
[Round "5.6"]
[White "Ivanov, Mike"]
[Black "Kats, Alena"]
[Result "0-1"]
[WhiteElo "2137"]
[BlackElo "2126"]
[WhiteFideId "-1"]
[WhiteFideId "-1"]
[PlyCount "192"]
[GameId "2160767909061123"]
[EventDate "2014.07.31"]
[EventType "swiss"]
[EventRounds "9"]
[EventCountry "CAN"]
[SourceTitle "EXT 2022"]
[Source "ChessBase"]
[SourceDate "2021.10.06"]
[SourceVersion "1"]
[SourceVersionDate "2021.10.06"]
[SourceQuality "1"]

1. e4 c5 2. Nc3 Nc6 3. g3 g6 4. Bg2 Bg7 5. d3 d6 6. Be3 Nf6 7. h3 Rb8 8. Qd2 h5 9. Nge2 Bd7 10. f4 b5 11. a3 b4 12. axb4 Rxb4 13. Nd1 Qb8 14. e5 dxe5 15. Bxc5 exf4 16. Bxb4 Nxb4 17. gxf4 Bh6 18. O-O Rg8 19. Qe3 a6 20. Qe5 Qb6+ 21. Qd4 Qb8 22. Qc5 g5 23. f5 h4 24. Nd4 g4 25. Re1 Bf8 26. Nc6 Nxc6 27. Bxc6 gxh3+ 28. Kf1 e6 29. Qc4 h2 30. Bxd7+ Nxd7 31. Nf2 h1=Q+ 32. Nxh1 Qh2 33. Rxe6+ fxe6 34. Qxe6+ Kd8 35. Qxg8 Qxh1+ 36. Qg1 Qh3+ 37. Ke2 Qxf5 38. Rxa6 Qh5+ 39. Ke1 Qe5+ 40. Kf1 Bc5 41. Qg2 Qf5+ 42. Ke2 h3 43. Qf3 Qe5+ 44. Kf1 h2 45. Rh6 Qg7 46. Qa8+ Ke7 47. Qe4+ Kd8 48. Qh4+ Ke8 49. Qxh2 Qf7+ 50. Ke2 Qe7+ 51. Kd1 Qe3 52. Rc6 Kd8 53. Qh6 Qf3+ 54. Kd2 Be3+ 55. Qxe3 Qxc6 56. b4 Qd6 57. Kc3 Qc6+ 58. Kb3 Qd5+ 59. Kb2 Qd6 60. Qg5+ Ke8 61. Qe3+ Kd8 62. Qe4 Nf6 63. Qa8+ Kd7 64. Qb7+ Ke8 65. Qc8+ Kf7 66. Kb3 Kg6 67. Qc4 Qg3 68. Qd4 Qe1 69. Kb2 Qd2 70. Qd6 Kf5 71. Qc5+ Ke6 72. Qc6+ Kf5 73. Qc3 Qg2 74. b5 Nd5 75. Qc8+ Kf4 76. Kb3 Qh1 77. Qf8+ Ke3 78. Qc5+ Ke2 79. Qd4 Ne3 80. b6 Qb1+ 81. Qb2 Qh1 82. Qe5 Qb1+ 83. Qb2 Qh1 84. Ka2 Qa8+ 85. Kb1 Qh1+ 86. Ka2 Qa8+ 87. Qa3 Qc6 88. Qb3 Qa8+ 89. Kb1 Qh1+ 90. Kb2 Qh8+ 91. Ka2 Qa8+ 92. Qa3 Qc6 93. Qb2 Nd1 94. Qb3 Nc3+ 95. Ka1 Kd2 96. b7 Qh1+ 0-1

[Event "North American-ch U20"]
[Site "Kitchener CAN"]
[Date "2014.08.02"]
[Round "6.9"]
[White "Ivanov, Mike"]
[Black "Virkud, Apurva"]
[Result "1-0"]
[WhiteElo "2137"]
[BlackElo "1954"]
[WhiteFideId "-1"]
[WhiteFideId "-1"]
[PlyCount "105"]
[GameId "2160767909061149"]
[EventDate "2014.07.31"]
[EventType "swiss"]
[EventRounds "9"]
[EventCountry "CAN"]
[SourceTitle "EXT 2022"]
[Source "ChessBase"]
[SourceDate "2021.10.06"]
[SourceVersion "1"]
[SourceVersionDate "2021.10.06"]
[SourceQuality "1"]

1. e4 c5 2. Nf3 d6 3. d4 cxd4 4. Qxd4 Nc6 5. Bb5 Bd7 6. Bxc6 Bxc6 7. Nc3 Nf6 8. Bg5 e6 9. Qd3 Be7 10. Nd4 O-O 11. O-O-O Rc8 12. f4 a6 13. f5 Ng4 14. Bxe7 Qxe7 15. Qg3 Nf6 16. Qh4 e5 17. Nxc6 bxc6 18. g4 d5 19. exd5 Qb4 20. Qg3 Nxd5 21. Qxe5 Nb6 22. a3 Qxb2+ 23. Kxb2 Nc4+ 24. Ka2 Nxe5 25. Rd4 Rb8 26. h3 f6 27. Ne4 Rb5 28. c4 Rb6 29. c5 Rb5 30. a4 Rbb8 31. Rb1 Rxb1 32. Kxb1 Rb8+ 33. Kc2 h6 34. Nd2 Kf7 35. Kc3 a5 36. Nb3 Ra8 37. Rd6 Ke7 38. Nd4 Rc8 39. Ne6 Nd7 40. Kd4 Ne5 41. Nxg7 Rb8 42. Re6+ Kf7 43. Nh5 Rb4+ 44. Kc3 Rc4+ 45. Kb3 Rb4+ 46. Ka3 Nc4+ 47. Ka2 Nd2 48. Rxf6+ Kg8 49. Rg6+ Kf7 50. Rf6+ Kg8 51. Rxc6 Nb1 52. Rb6 Nc3+ 53. Ka1 1-0

[Event "North American-ch U20"]
[Site "Kitchener CAN"]
[Date "2014.08.03"]
[Round "7.6"]
[White "Nasir, Zehn"]
[Black "Ivanov, Mike"]
[Result "1-0"]
[WhiteElo "1918"]
[BlackElo "2137"]
[WhiteFideId "-1"]
[WhiteFideId "-1"]
[PlyCount "115"]
[GameId "2160767909061171"]
[EventDate "2014.07.31"]
[EventType "swiss"]
[EventRounds "9"]
[EventCountry "CAN"]
[SourceTitle "EXT 2022"]
[Source "ChessBase"]
[SourceDate "2021.10.06"]
[SourceVersion "1"]
[SourceVersionDate "2021.10.06"]
[SourceQuality "1"]

1. e4 e6 2. d4 d5 3. Nd2 Nf6 4. e5 Nfd7 5. Bd3 c5 6. c3 Nc6 7. Ne2 cxd4 8. cxd4 f6 9. exf6 Nxf6 10. O-O Bd6 11. Nf3 Qc7 12. Ng3 O-O 13. Bg5 Ng4 14. Rc1 g6 15. Bd2 Qg7 16. h3 Nh6 17. Bb5 Bd7 18. Bc3 Nf7 19. Re1 Rae8 20. Nf1 Bb8 21. N1h2 Nd6 22. Bd3 b5 23. Ne5 Nxe5 24. dxe5 Ne4 25. Bxe4 dxe4 26. Ng4 Rd8 27. Ba5 Bxe5 28. Nxe5 Qxe5 29. Bxd8 Rxd8 30. Qc2 Rf8 31. Rxe4 Qf5 32. Re3 Rc8 33. Rc3 Rxc3 34. Qxc3 Qd5 35. a3 Kf7 36. b4 h5 37. Qf3+ Qxf3 38. gxf3 Kf6 39. Rc7 Be8 40. Rxa7 Bc6 41. Rc7 Bxf3 42. Rc5 Be2 43. f4 Ke7 44. Kf2 Bd3 45. Ke3 Bf1 46. h4 Kf6 47. Rg5 Bc4 48. Kd4 Be2 49. Rc5 Bf1 50. Re5 Kf7 51. Re1 Bc4 52. a4 Ke7 53. a5 Kd6 54. Rg1 Be2 55. Rxg6 Bg4 56. Rg7 Kc6 57. Rg5 Bf3 58. Rc5+ 1-0

[Event "North American-ch U20"]
[Site "Kitchener CAN"]
[Date "2014.08.03"]
[Round "8.9"]
[White "Cormier, Adam"]
[Black "Ivanov, Mike"]
[Result "1/2-1/2"]
[WhiteElo "2019"]
[BlackElo "2137"]
[WhiteFideId "-1"]
[WhiteFideId "-1"]
[PlyCount "101"]
[GameId "2160767909061197"]
[EventDate "2014.07.31"]
[EventType "swiss"]
[EventRounds "9"]
[EventCountry "CAN"]
[SourceTitle "EXT 2022"]
[Source "ChessBase"]
[SourceDate "2021.10.06"]
[SourceVersion "1"]
[SourceVersionDate "2021.10.06"]
[SourceQuality "1"]

1. d4 Nf6 2. c4 c5 3. d5 g6 4. Nc3 Bg7 5. Nf3 O-O 6. g3 e6 7. Bg2 exd5 8. cxd5 Re8 9. O-O Ne4 10. Nxe4 Rxe4 11. Nd2 Rd4 12. e3 Rb4 13. Qc2 d6 14. a3 Rb6 15. Re1 Nd7 16. h3 Rb8 17. Bf1 Nf6 18. e4 Bd7 19. Nc4 Ra6 20. Bf4 Ne8 21. Nxd6 Rxd6 22. Bxd6 Nxd6 23. Qxc5 Qb6 24. Qxb6 axb6 25. e5 Nf5 26. Kg2 Rc8 27. Bd3 Nd4 28. Rad1 Ba4 29. Rd2 Rd8 30. Bc4 Nb3 31. Rd3 Nc5 32. Rd4 Nb3 33. Rd3 Nc5 34. Rd4 Nb3 35. Bxb3 Bxb3 36. d6 b5 37. f4 Be6 38. Rc1 f6 39. Re1 fxe5 40. fxe5 Kf7 41. Rf4+ Ke8 42. Rb4 Bd5+ 43. Kf2 Kd7 44. Rxb5 Ke6 45. Rd1 Bc6 46. Rc5 Rf8+ 47. Kg1 Bh6 48. Rd3 Be4 49. Rb3 Bc6 50. Rd3 Be4 51. Rb3 1/2-1/2

[Event "CAN-op U2400"]
[Site "Montreal CAN"]
[Date "2014.07.20"]
[Round "3"]
[White "Ivanov, Mike"]
[Black "Li, Kevin"]
[Result "1/2-1/2"]
[WhiteElo "2137"]
[BlackElo "2152"]
[WhiteFideId "-1"]
[WhiteFideId "-1"]
[PlyCount "112"]
[GameId "2160767909069735"]
[EventDate "2014.07.19"]
[EventType "swiss"]
[EventRounds "9"]
[EventCountry "CAN"]
[SourceTitle "EXT 2022"]
[Source "ChessBase"]
[SourceDate "2021.10.06"]
[SourceVersion "1"]
[SourceVersionDate "2021.10.06"]
[SourceQuality "1"]

1. e4 c5 2. Nf3 d6 3. d4 cxd4 4. Qxd4 a6 5. Be3 Nc6 6. Qd2 Nf6 7. Nc3 Bg4 8. O-O-O Rc8 9. Bg5 Qa5 10. Kb1 Nd7 11. Nd5 Qxd2 12. Rxd2 Nc5 13. Bd3 h6 14. Be3 e6 15. Nb6 Rd8 16. Nd4 Nxd4 17. Bxd4 Nd7 18. Nxd7 Rxd7 19. f4 Bh5 20. Re1 f6 21. Bc4 Bf7 22. Bb6 Be7 23. f5 exf5 24. Bxf7+ Kxf7 25. exf5 d5 26. Red1 Bd8 27. Bf2 Re8 28. Rxd5 Rxd5 29. Rxd5 Re2 30. Bg3 Ke8 31. Kc1 Rxg2 32. Kd1 Rg1+ 33. Kd2 h5 34. Ke2 Rb1 35. b3 Rb2 36. Kd3 Rxa2 37. Be1 Ra1 38. Ke2 Be7 39. Rd4 b5 40. Rh4 a5 41. Rxh5 a4 42. Rh8+ Kf7 43. Ra8 Ra2 44. bxa4 Rxa4 45. Rxa4 bxa4 46. Kd3 g6 47. fxg6+ Kxg6 48. c4 f5 49. Bf2 Bf6 50. Kc2 f4 51. c5 Kf5 52. h4 Ke6 53. Kb1 a3 54. Ka2 Bb2 55. h5 Kd5 56. h6 f3 1/2-1/2

[Event "CAN-op U2400"]
[Site "Montreal CAN"]
[Date "2014.07.21"]
[Round "4"]
[White "Ivanov, Mike"]
[Black "Chan, James"]
[Result "1-0"]
[WhiteElo "2137"]
[BlackElo "2023"]
[WhiteFideId "-1"]
[WhiteFideId "-1"]
[PlyCount "87"]
[GameId "2160767909077964"]
[EventDate "2014.07.19"]
[EventType "swiss"]
[EventRounds "9"]
[EventCountry "CAN"]
[SourceTitle "EXT 2022"]
[Source "ChessBase"]
[SourceDate "2021.10.06"]
[SourceVersion "1"]
[SourceVersionDate "2021.10.06"]
[SourceQuality "1"]

1. e4 c5 2. Nc3 a6 3. g3 Nc6 4. Bg2 g6 5. d3 Bg7 6. Be3 d6 7. Qd2 Nf6 8. h3 O-O 9. Nge2 Nd7 10. Bh6 Nd4 11. Bxg7 Kxg7 12. O-O Ne5 13. f4 Nec6 14. Nd5 Nxe2+ 15. Qxe2 e6 16. Ne3 f5 17. c3 Bd7 18. g4 fxg4 19. hxg4 h6 20. Rf3 Qe7 21. Raf1 Rf6 22. Qd2 Raf8 23. d4 cxd4 24. cxd4 Nd8 25. b3 Bb5 26. R1f2 Qc7 27. a4 Bd7 28. Qb2 Kg8 29. f5 Qa5 30. e5 dxe5 31. dxe5 R6f7 32. f6 Nc6 33. Nc4 Qc5 34. Rh3 Rh7 35. Qc2 Be8 36. Be4 Nxe5 37. Nxe5 Qxe5 38. Bxg6 Qa1+ 39. Qb1 Qxb1+ 40. Bxb1 Rc7 41. Rxh6 Rc3 42. Bh7+ Kf7 43. Bg6+ Kg8 44. Bxe8 1-0

[Event "CAN-op U2400"]
[Site "Montreal CAN"]
[Date "2014.07.22"]
[Round "5"]
[White "MacKinnon, Keith"]
[Black "Ivanov, Mike"]
[Result "0-1"]
[WhiteElo "2165"]
[BlackElo "2137"]
[WhiteFideId "-1"]
[WhiteFideId "-1"]
[PlyCount "78"]
[GameId "2160767909078009"]
[EventDate "2014.07.19"]
[EventType "swiss"]
[EventRounds "9"]
[EventCountry "CAN"]
[SourceTitle "EXT 2022"]
[Source "ChessBase"]
[SourceDate "2021.10.06"]
[SourceVersion "1"]
[SourceVersionDate "2021.10.06"]
[SourceQuality "1"]

1. e4 e6 2. d4 d5 3. Nd2 Nf6 4. e5 Nfd7 5. c3 c5 6. Bd3 Nc6 7. Ngf3 g6 8. h4 h6 9. Bc2 Bg7 10. Nf1 Qa5 11. a3 cxd4 12. b4 Qb6 13. cxd4 a5 14. bxa5 Qxa5+ 15. Bd2 Qa7 16. Be3 b6 17. Ng3 Ba6 18. Qb1 Ne7 19. h5 g5 20. Bd3 Bxd3 21. Qxd3 Qa6 22. Ke2 Qxd3+ 23. Kxd3 O-O-O 24. a4 Nc6 25. Rhb1 f6 26. exf6 Bxf6 27. Rb5 Kc7 28. Ne2 Ra8 29. Nc3 Ra6 30. Rc1 Be7 31. Nd2 Nf6 32. Nf3 Kb7 33. Rcb1 Nxh5 34. Ne5 Nf6 35. Ng6 Rh7 36. a5 Nxa5 37. Na4 Nc4 38. Nc5+ Bxc5 39. dxc5 Nd7 0-1

[Event "CAN-op U2400"]
[Site "Montreal CAN"]
[Date "2014.07.23"]
[Round "6"]
[White "Ivanov, Mike"]
[Black "Klenburg, Mikhail"]
[Result "1/2-1/2"]
[WhiteElo "2137"]
[BlackElo "2368"]
[WhiteFideId "-1"]
[WhiteFideId "-1"]
[PlyCount "116"]
[GameId "2160767909078046"]
[EventDate "2014.07.19"]
[EventType "swiss"]
[EventRounds "9"]
[EventCountry "CAN"]
[SourceTitle "EXT 2022"]
[Source "ChessBase"]
[SourceDate "2021.10.06"]
[SourceVersion "1"]
[SourceVersionDate "2021.10.06"]
[SourceQuality "1"]

1. e4 c5 2. Nf3 g6 3. h4 Bg7 4. h5 Nc6 5. Nc3 d6 6. Bc4 Nf6 7. h6 Bf8 8. d4 cxd4 9. Nxd4 e5 10. Nxc6 bxc6 11. Bg5 Be7 12. Qd2 O-O 13. O-O-O Ne8 14. Be3 a5 15. Kb1 a4 16. a3 Be6 17. Qd3 Qc8 18. g3 Qb7 19. Ka1 Nc7 20. f4 Rfb8 21. Bc1 Rd8 22. Bxe6 Nxe6 23. f5 Nd4 24. Ne2 Nxe2 25. Qxe2 Rab8 26. fxg6 hxg6 27. h7+ Kh8 28. Qe3 Qd7 29. Qc3 f6 30. Qc4 d5 31. Qxa4 Ra8 32. Qb3 Rdb8 33. Qa2 d4 34. Rd3 g5 35. Qf7 Rf8 36. Qc4 c5 37. Rb3 Ra4 38. Qb5 Ra7 39. Qc4 Ra4 40. Qb5 Ra7 41. Qc4 Qg4 42. Qd5 Rd8 43. Qc6 Rc8 44. Qb6 Rd7 45. Qb5 c4 46. Rf3 Rdc7 47. Rhf1 Qxe4 48. Rxf6 Bxf6 49. Rxf6 Rxh7 50. Qa6 Re8 51. Rg6 Rf8 52. Bxg5 Rh1+ 53. Ka2 Kh7 54. Rh6+ Rxh6 55. Qxh6+ Kg8 56. Bf6 Rxf6 57. Qxf6 Qxc2 58. Qxe5 Qb3+ 1/2-1/2

[Event "CAN-op U2400"]
[Site "Montreal CAN"]
[Date "2014.07.25"]
[Round "8"]
[White "Ivanov, Mike"]
[Black "Voskanyan, Vahagn"]
[Result "1-0"]
[WhiteElo "2137"]
[BlackElo "2225"]
[WhiteFideId "-1"]
[WhiteFideId "-1"]
[PlyCount "71"]
[GameId "2160767909078131"]
[EventDate "2014.07.19"]
[EventType "swiss"]
[EventRounds "9"]
[EventCountry "CAN"]
[SourceTitle "EXT 2022"]
[Source "ChessBase"]
[SourceDate "2021.10.06"]
[SourceVersion "1"]
[SourceVersionDate "2021.10.06"]
[SourceQuality "1"]

1. e4 c6 2. d4 d5 3. f3 Nf6 4. e5 Nfd7 5. f4 e6 6. c3 c5 7. Nd2 Nc6 8. Ndf3 Be7 9. Bd3 Qa5 10. Bd2 Qb6 11. Ne2 c4 12. Bc2 Qxb2 13. O-O g6 14. a4 Qb6 15. g4 Na5 16. f5 gxf5 17. gxf5 exf5 18. Nf4 Qc6 19. Bxf5 Nf8 20. e6 Bxe6 21. Nxe6 fxe6 22. Ne5 Rg8+ 23. Kh1 Qb6 24. Qh5+ Kd8 25. Bxh7 Nxh7 26. Qxh7 Re8 27. Bg5 Nc6 28. Rab1 Qc7 29. Rf7 Nxe5 30. dxe5 Rc8 31. Rxe7 Rxe7 32. Rf1 Ke8 33. Qg6+ Kd7 34. Bxe7 Qxe5 35. Bh4 Re8 36. Qf7+ 1-0